SE Palmeiras 2025 FIFA World Club Cup Squad - Statistics

General Stats
  • This quiz has been taken 102 times
  • The average score is 20 of 30
Answer Stats
# Position Player Nation % Correct
21 GK Weverton
91%
15 DF Gustavo Gómez Paraguay
88%
41 FW Estêvão
87%
9 FW Vitor Roque
87%
8 MF Richard Ríos
86%
23 MF Raphael Veiga
80%
22 DF Joaquín Piquerez
79%
14 GK Marcelo Lomba
79%
10 FW Paulinho
78%
5 MF Aníbal Moreno
75%
Manager Abel Ferreira
74%
4 DF Agustín Giay
74%
32 MF Emiliano Martínez
71%
42 FW José Manuel López
70%
2 DF Marcos Rocha
70%
26 DF Murilo
70%
40 MF Allan
68%
12 DF Mayke
67%
17 FW Facundo Torres
66%
18 FW Maurício
66%
6 DF Vanderlan
66%
3 DF Bruno Fuchs
64%
7 MF Felipe Anderson
63%
13 DF Micael
59%
30 MF Lucas Evangelista
54%
31 FW Luighi
54%
43 DF Luiz Benedetti
45%
34 DF Kaiky Naves
42%
1 GK Mateus
42%
39 FW Thalys
32%
No matching quizzes found
Score Distribution
Percent of People with Each Score
Percentile by Number Answered
Your Score History
You have not taken this quiz